Movies Quiz

Random Movies or Box Office Quiz

'Twin' Movies at the Box Office Quiz Stats

 Plays Quiz Updated Aug 30, 2016

Challenge
Share
Tweet
Score 0/20 Timer 08:00
1 Play Today
% Correct
Finding Nemo $380.8 million; Shark Tale $160.9 million
98.7%
The Truman Show $125.6 million; EdTV $22.4 million
95.4%
Despicable Me $251.5 million; Megamind $148.4 million
95.1%
Dangerous Liaisons $34.7 million; Valmont $1.1 million
93%
Armageddon $201.6 million; Deep Impact $140.5 million
91.7%
A Bug's Life $162.8 million; Antz $90.8 million
91.2%
Turner & Hooch $71.1 million; K-9 $43.3 million
90.7%
Jesus Christ Superstar $24.5 million; Godspell $1.2 million
81.1%
Hercules $72.7 million; The Legend of Hercules $18.9 million
80.9%
Dante's Peak $67.1 million; Volcano $49.3 million
80.5%
% Correct
Phenomenon $104.6 million; Powder $30.9 million
79.9%
Snow White and the Huntsman $155.3 million; Mirror Mirror $64.9 million
78.2%
The Prestige $53.1 million; The Illusionist $39.9 million
74.3%
Tombstone $56.5 million; Wyatt Earp $25.1 million
73.7%
Steve Jobs $17.8 million; Jobs $16.1 million
66.8%
Mission to Mars $60.9 million; Red Planet $17.5 million
51.6%
Olympus Has Fallen $98.9 million; White House Down $73.1 million
50.6%
Christopher Columbus $8.3 million; 1492: Conquest of Paradise $7.2 million
46%
No Strings Attached $70.7 million; Friends with Benefits $55.8 million
31.9%
Sweet Sweetback's Baadasssss Song $15.2 million; Shaft $12.1 million
13%

You're not logged in!

Compare scores with friends on all Sporcle quizzes.
OR
Log In

You Might Also Like...

Show Comments

Extras

Top Quizzes Today


Score Distribution

Your Account Isn't Verified!

In order to create a playlist on Sporcle, you need to verify the email address you used during registration. Go to your Sporcle Settings to finish the process.

Report this User

Report this user for behavior that violates our Community Guidelines.

Details: